[Event "Titled Tue 20th May Early"]
[Site "chess.com INT"]
[Date "2025.05.20"]
[Round "1"]
[White "Tomb, Maroun"]
[Black "Ter-Sahakyan, Samvel"]
[Result "0-1"]
[WhiteTitle "CM"]
[BlackTitle "GM"]
[WhiteElo "2090"]
[BlackElo "2611"]
[WhiteFideId "5300398"]
[BlackFideId "13302531"]
[EventDate "2025.05.20"]

1. e4 c5 2. Ne2 Nf6 3. Nbc3 d6 4. g3 g6 5. Bg2 Nc6 6. d4 cxd4 7. Nxd4 Nxd4 8.
Qxd4 Bg7 9. O-O O-O 10. Qd3 Be6 11. Be3 Ng4 12. Bd4 Ne5 13. Qd2 Nc4 14. Qc1 Bxd4 0-1

[Event "Titled Tue 20th May Early"]
[Site "chess.com INT"]
[Date "2025.05.20"]
[Round "1"]
[White "Mohammadi, Melika"]
[Black "Gutman, Gennadi"]
[Result "1-0"]
[WhiteTitle "WFM"]
[BlackTitle "GM"]
[WhiteElo "2205"]
[BlackElo "2445"]
[WhiteFideId "42529271"]
[BlackFideId "14102277"]
[EventDate "2025.05.20"]

1. Nf3 c6 2. d4 d5 3. c4 e6 4. Nc3 f5 5. Bf4 Nf6 6. e3 Bd6 7. Bxd6 Qxd6 8. c5
Nbd7 9. cxd6 O-O 10. Bd3 Ne4 11. Ne5 Nxd6 12. Nxd7 Bxd7 13. Rc1 Rae8 14. O-O e5
15. dxe5 Rxe5 16. Ne2 g5 17. Qb3 Kh8 18. Qc3 Re8 19. f4 gxf4 1-0

[Event "Titled Tue 20th May Early"]
[Site "chess.com INT"]
[Date "2025.05.20"]
[Round "1"]
[White "Perry, Patrick"]
[Black "Goncharov, Vladimir"]
[Result "0-1"]
[WhiteElo "2296"]
[BlackElo "2077"]
[WhiteFideId "30917727"]
[BlackFideId "34162256"]
[EventDate "2025.05.20"]

1. e4 e6 2. d4 d5 3. Nc3 Bb4 4. Ne2 dxe4 5. a3 Be7 6. Nxe4 Nd7 7. N2g3 Ngf6 8.
Bd3 b6 9. O-O Bb7 10. Re1 O-O 11. c3 Nxe4 12. Bxe4 Bxe4 13. Nxe4 c5 14. dxc5
Nxc5 15. Nxc5 Bxc5 16. Qxd8 Rfxd8 17. Bf4 Rd7 18. Kf1 Rad8 19. Ke2 e5 20. Bg3
Rd2+ 21. Kf3 f6 22. Re2 R8d3+ 0-1

[Event "Titled Tue 20th May Early"]
[Site "chess.com INT"]
[Date "2025.05.20"]
[Round "1"]
[White "Kavri, Yusuf Eren"]
[Black "Andreikin, Dmitry"]
[Result "0-1"]
[BlackTitle "GM"]
[WhiteElo "2142"]
[BlackElo "2695"]
[WhiteFideId "34591044"]
[BlackFideId "4158814"]
[EventDate "2025.05.20"]

1. d4 Nf6 2. c4 g6 3. Nc3 Bg7 4. e4 O-O 5. h3 c5 6. d5 e6 7. Bd3 exd5 8. exd5
Re8+ 9. Be3 Bh6 10. Nf3 Bxe3 11. fxe3 Rxe3+ 12. Kf2 Re8 13. Qd2 d6 14. Rae1 Nbd7
15. Qh6 Ne5 16. Be2 Neg4+ 0-1

[Event "Titled Tue 20th May Early"]
[Site "chess.com INT"]
[Date "2025.05.20"]
[Round "1"]
[White "Przybylski, Bartosz"]
[Black "Coelho, Ramyres Santana"]
[Result "1-0"]
[WhiteTitle "CM"]
[BlackTitle "WFM"]
[WhiteElo "2107"]
[BlackElo "1989"]
[WhiteFideId "21878323"]
[BlackFideId "2120690"]
[EventDate "2025.05.20"]

1. d4 Nf6 2. Nc3 d5 3. Bf4 c6 4. e3 e6 5. Nf3 Bd6 6. Ne5 O-O 7. Bd3 h6 8. g4
Bxe5 9. dxe5 Nh7 10. h4 f5 11. exf6 Rxf6 12. g5 Rxf4 13. exf4 d4 14. Rg1 hxg5
15. hxg5 Nf8 16. Rh1 e5 17. Qh5 dxc3 18. g6 Nxg6 19. Qxg6 e4 20. Bc4+ 1-0

[Event "Titled Tue 20th May Early"]
[Site "chess.com INT"]
[Date "2025.05.20"]
[Round "1"]
[White "Novikova, Anna"]
[Black "Sai, Han Thiha"]
[Result "0-1"]
[WhiteTitle "WIM"]
[BlackTitle "FM"]
[WhiteElo "2179"]
[BlackElo "2121"]
[WhiteFideId "4146794"]
[BlackFideId "13012290"]
[EventDate "2025.05.20"]

1. d4 Nf6 2. c4 g6 3. Nc3 Bg7 4. e4 d6 5. f3 a6 6. Be3 c6 7. Qd2 b5 8. b3 Nbd7
9. O-O-O Qa5 10. g4 Rb8 11. h4 bxc4 12. Bxc4 d5 13. exd5 Nb6 14. Bd3 Nfxd5 15.
Kb2 Nxc3 16. Qxc3 Na4+ 17. Kc2 Qxc3+ 18. Kb1 Qb2# 0-1

[Event "Titled Tue 20th May Early"]
[Site "chess.com INT"]
[Date "2025.05.20"]
[Round "1"]
[White "Grigoriants, Sergey"]
[Black "Mizzi, Jack"]
[Result "1-0"]
[WhiteTitle "GM"]
[BlackTitle "CM"]
[WhiteElo "2542"]
[BlackElo "2086"]
[WhiteFideId "4130804"]
[BlackFideId "5602521"]
[EventDate "2025.05.20"]

1. e4 c6 2. d4 d5 3. e5 c5 4. dxc5 Nc6 5. f4 e6 6. Be3 Nge7 7. Nf3 Nf5 8. Bf2 h5
9. Bd3 Qa5+ 10. Qd2 Bxc5 11. Qxa5 Bxf2+ 12. Kxf2 Nxa5 13. Bxf5 exf5 14. Nc3 Be6
15. Rhd1 Rd8 16. Nb5 a6 17. Nd6+ Ke7 18. Nd4 g6 19. b4 Nc4 20. Nxb7 Rb8 21. Nc6+
Kd7 22. Nxb8+ Rxb8 23. Nc5+ Kc6 24. Nxa6 Rb6 25. a4 1-0

[Event "Titled Tue 20th May Early"]
[Site "chess.com INT"]
[Date "2025.05.20"]
[Round "1"]
[White "Zmijanac, Dusko"]
[Black "Novosel, Lovro"]
[Result "0-1"]
[WhiteTitle "FM"]
[BlackTitle "FM"]
[WhiteElo "1977"]
[BlackElo "2346"]
[WhiteFideId "908762"]
[BlackFideId "14547120"]
[EventDate "2025.05.20"]

1. d4 Nf6 2. Bg5 Ne4 3. Bf4 c5 4. f3 Qa5+ 5. c3 Nf6 6. Nd2 cxd4 7. Nb3 Qd8 8.
cxd4 d5 9. e3 Nc6 10. Ne2 e6 11. Nc3 Be7 12. Bd3 O-O 13. Bg5 h6 14. Bh4 b6 15.
Rc1 Bb7 16. O-O Rc8 17. Bb1 a5 18. Qd3 Nb4 19. Qe2 Ba6 20. Nb5 a4 21. Nd2 Qd7
22. Rxc8 Rxc8 23. a3 Bxb5 0-1

[Event "Titled Tue 20th May Early"]
[Site "chess.com INT"]
[Date "2025.05.20"]
[Round "1"]
[White "Lewicki, Miroslaw"]
[Black "Wanyama, Harold"]
[Result "1-0"]
[WhiteTitle "IM"]
[BlackTitle "FM"]
[WhiteElo "2317"]
[BlackElo "2132"]
[WhiteFideId "1113380"]
[BlackFideId "10000380"]
[EventDate "2025.05.20"]

1. e4 c5 2. Nf3 e6 3. g3 Nc6 4. Bg2 Nf6 5. Nc3 d5 6. exd5 Nxd5 7. Nxd5 Qxd5 8.
O-O Be7 9. d4 Nxd4 10. Nxd4 Qxd4 11. Qf3 O-O 12. Qb3 Qb4 13. Qxb4 cxb4 14. Rd1
e5 15. Be3 a5 16. Rd5 f6 17. Rb5 a4 18. Bxb7 Rb8 19. Bd5+ 1-0

[Event "Titled Tue 20th May Early"]
[Site "chess.com INT"]
[Date "2025.05.20"]
[Round "1"]
[White "Sabatier, Mathis"]
[Black "Gabrielian, Artur"]
[Result "0-1"]
[WhiteTitle "CM"]
[BlackTitle "GM"]
[WhiteElo "2235"]
[BlackElo "2419"]
[WhiteFideId "26029685"]
[BlackFideId "4131002"]
[EventDate "2025.05.20"]

1. e4 c5 2. Nf3 d6 3. c3 Nf6 4. Be2 g6 5. O-O Bg7 6. Re1 O-O 7. Bf1 Bg4 8. h3
Bxf3 9. Qxf3 Nc6 10. d3 b5 11. Be3 Nd7 12. Qg3 b4 13. f4 Rb8 14. Re2 bxc3 15.
bxc3 Qa5 16. Nd2 Qxc3 17. Rae1 Qxd3 18. e5 dxe5 19. fxe5 Ndxe5 20. Bxc5 Qxg3 0-1

[Event "Titled Tue 20th May Early"]
[Site "chess.com INT"]
[Date "2025.05.20"]
[Round "1"]
[White "Guliev, Gasan"]
[Black "Badacsonyi, Stanley"]
[Result "0-1"]
[WhiteTitle "CM"]
[BlackTitle "FM"]
[WhiteElo "2123"]
[BlackElo "2289"]
[WhiteFideId "34165638"]
[BlackFideId "486973"]
[EventDate "2025.05.20"]

1. d4 Nf6 2. Bg5 d5 3. Nd2 g6 4. Bxf6 exf6 5. e3 c6 6. c4 dxc4 7. Bxc4 Bd6 8. h4
h5 9. Qc2 Kf8 10. Qb3 Qe7 11. O-O-O Kg7 12. g3 Nd7 13. e4 Nb6 14. Bd3 c5 15. d5
c4 16. Nxc4 Nxc4 17. Bxc4 Qxe4 18. Nh3 Bxh3 19. Rxh3 Rac8 0-1

[Event "Titled Tue 20th May Early"]
[Site "chess.com INT"]
[Date "2025.05.20"]
[Round "1"]
[White "May Sanchez, Andres Elias"]
[Black "Carlsson, Ludvig"]
[Result "1-0"]
[BlackTitle "IM"]
[WhiteElo "2209"]
[BlackElo "2374"]
[WhiteFideId "5150973"]
[BlackFideId "1727010"]
[EventDate "2025.05.20"]

1. e4 e5 2. Bc4 Nf6 3. Nc3 Nxe4 4. Qh5 Nd6 5. Bb3 Be7 6. f4 exf4 7. d4 g6 8. Qf3
Nc6 9. Nge2 Bh4+ 10. g3 fxg3 11. hxg3 Bg5 12. Ne4 Nxe4 13. Qxf7# 1-0

[Event "Titled Tue 20th May Early"]
[Site "chess.com INT"]
[Date "2025.05.20"]
[Round "1"]
[White "Tsydypov, Zhamsaran"]
[Black "Kopczynski, Michal"]
[Result "1-0"]
[WhiteTitle "GM"]
[BlackTitle "CM"]
[WhiteElo "2514"]
[BlackElo "2225"]
[WhiteFideId "4108566"]
[BlackFideId "1124200"]
[EventDate "2025.05.20"]

1. e4 b6 2. d4 Bb7 3. Bd3 e6 4. Nf3 Nf6 5. Qe2 d5 6. exd5 Nxd5 7. a3 Bd6 8. c4
Nf4 9. Bxf4 Bxf4 10. Be4 Nc6 11. O-O O-O 12. Bxh7+ Kxh7 13. Qe4+ Kg8 14. Qxf4
Ne7 15. Rd1 Ng6 16. Qg3 Qf6 17. Ne5 Nf4 18. Nc3 Rfd8 19. Ng4 Qg5 20. h4 1-0

[Event "Titled Tue 20th May Early"]
[Site "chess.com INT"]
[Date "2025.05.20"]
[Round "1"]
[White "Toncheva, Nadya"]
[Black "Mishra, Abhimanyu"]
[Result "0-1"]
[WhiteTitle "FM"]
[BlackTitle "GM"]
[WhiteElo "2332"]
[BlackElo "2605"]
[WhiteFideId "2924056"]
[BlackFideId "30920019"]
[EventDate "2025.05.20"]

1. e4 c5 2. Nf3 d6 3. c3 Nf6 4. Be2 g6 5. O-O Bg7 6. Bb5+ Nc6 7. Re1 O-O 8. d4
cxd4 9. cxd4 Bg4 10. Nc3 Bxf3 11. gxf3 a6 12. Bf1 e5 13. dxe5 dxe5 14. Qxd8
Rfxd8 15. Bg5 Nd4 16. Kg2 Nc2 17. Nd5 Nxe1+ 18. Rxe1 Nxd5 0-1

[Event "Titled Tue 20th May Early"]
[Site "chess.com INT"]
[Date "2025.05.20"]
[Round "1"]
[White "Coe, William"]
[Black "Shubenkova, Veronika"]
[Result "0-1"]
[BlackTitle "WFM"]
[WhiteElo "2078"]
[BlackElo "2024"]
[WhiteFideId "30913624"]
[BlackFideId "44124040"]
[EventDate "2025.05.20"]

1. e4 e6 2. d4 d5 3. Nd2 Nf6 4. e5 Nfd7 5. Bd3 c5 6. c3 Nc6 7. Ne2 a6 8. O-O b5
9. f4 Be7 10. f5 exf5 11. Bxf5 cxd4 12. cxd4 Qb6 13. Nf3 Ndxe5 14. Bxc8 Rxc8 15.
Nxe5 Nxe5 16. Kh1 Ng6 17. Nf4 Nxf4 18. Bxf4 O-O 19. Qf3 Qxd4 20. Rad1 Qxb2 21.
Rxd5 Qxa2 22. Be5 f6 23. Ba1 Rfd8 24. Rh5 Qc4 25. Qh3 Qxf1# 0-1

[Event "Titled Tue 20th May Early"]
[Site "chess.com INT"]
[Date "2025.05.20"]
[Round "1"]
[White "Martinez Fernandez, Adrian"]
[Black "Ndirangu, Nyaruai, Joyce"]
[Result "1-0"]
[WhiteTitle "IM"]
[BlackTitle "WCM"]
[WhiteElo "2404"]
[BlackElo "1933"]
[WhiteFideId "32049048"]
[BlackFideId "10802886"]
[EventDate "2025.05.20"]

1. f4 d5 2. Nf3 Bf5 3. b3 e6 4. Bb2 Nf6 5. e3 c5 6. Bb5+ Nc6 7. Bxc6+ bxc6 8.
O-O Bd6 9. d3 O-O 10. Nbd2 Rb8 11. Ne5 h6 12. Nxc6 Qb6 13. Nxb8 Rxb8 14. Qe2 Bh7
15. h3 a5 16. a4 c4 17. dxc4 Bxc2 18. Bd4 Bc5 19. Bxc5 Qxc5 20. Rfc1 Bxb3 21.
Rab1 dxc4 22. Nxb3 1-0

[Event "Titled Tue 20th May Early"]
[Site "chess.com INT"]
[Date "2025.05.20"]
[Round "1"]
[White "Flis, Pawel"]
[Black "Kononenko, Dmitry2"]
[Result "0-1"]
[WhiteTitle "CM"]
[BlackTitle "FM"]
[WhiteElo "1954"]
[BlackElo "2205"]
[WhiteFideId "1112864"]
[BlackFideId "14113538"]
[EventDate "2025.05.20"]

1. e4 c6 2. d4 d5 3. exd5 cxd5 4. c4 Nf6 5. Nc3 g6 6. cxd5 Bg7 7. Bb5+ Nbd7 8.
d6 O-O 9. Qe2 exd6 10. Be3 Nb6 11. Nf3 Bf5 12. O-O a6 13. Bd3 Bxd3 14. Qxd3 Rc8
15. Rac1 Nbd5 16. Nxd5 Nxd5 17. Rxc8 Qxc8 18. Rc1 Qe6 19. Bd2 Rc8 20. Rc7 Rxc7 0-1

[Event "Titled Tue 20th May Early"]
[Site "chess.com INT"]
[Date "2025.05.20"]
[Round "1"]
[White "Deveci, Huseyin Said"]
[Black "Sarana, Alexey"]
[Result "0-1"]
[WhiteTitle "CM"]
[BlackTitle "GM"]
[WhiteElo "2212"]
[BlackElo "2686"]
[WhiteFideId "26322455"]
[BlackFideId "24133795"]
[EventDate "2025.05.20"]

1. e4 c5 2. Nf3 d6 3. Bb5+ Bd7 4. Bxd7+ Nxd7 5. c4 Ne5 6. Nxe5 dxe5 7. d3 e6 8.
O-O Bd6 9. Nc3 Ne7 10. Nb5 Nc6 11. Nxd6+ Qxd6 12. Be3 O-O 13. Re1 Rfd8 14. Qa4
Nb4 15. Re2 Qxd3 16. Rd2 Qxc4 17. Rxd8+ Rxd8 18. a3 Qc2 0-1

[Event "Titled Tue 20th May Early"]
[Site "chess.com INT"]
[Date "2025.05.20"]
[Round "1"]
[White "Odegov, Artem"]
[Black "Jahnz, Laurin"]
[Result "1-0"]
[WhiteTitle "FM"]
[BlackTitle "CM"]
[WhiteElo "2244"]
[BlackElo "2233"]
[WhiteFideId "34183644"]
[BlackFideId "16261089"]
[EventDate "2025.05.20"]

1. d4 d5 2. Nf3 c5 3. dxc5 e6 4. e4 dxe4 5. Qxd8+ Kxd8 6. Ng5 Ke8 7. Nxe4 Nf6 8.
Nxf6+ gxf6 9. Be3 Nd7 10. Bb5 a6 11. Ba4 Be7 12. Nc3 Kf8 13. c6 bxc6 14. Bxc6
Rb8 15. O-O-O Ne5 16. Bh6+ Kg8 17. Bf3 Nc4 18. b3 Ba3+ 19. Kb1 Be7 20. Rd4 Ne5
21. Rhd1 Ng6 22. Rd8+ Nf8 23. Rxf8+ Bxf8 24. Rd8 1-0

[Event "Titled Tue 20th May Early"]
[Site "chess.com INT"]
[Date "2025.05.20"]
[Round "1"]
[White "Lloret Ramis, Juan Jose"]
[Black "Ghoreishi Amiri, Seyed Kian"]
[Result "0-1"]
[WhiteTitle "FM"]
[BlackTitle "CM"]
[WhiteElo "2019"]
[BlackElo "2215"]
[WhiteFideId "2204053"]
[BlackFideId "36757527"]
[EventDate "2025.05.20"]

1. d4 d5 2. c4 e6 3. Nc3 Nf6 4. Bg5 Be7 5. e3 O-O 6. Nf3 Nbd7 7. Rc1 c6 8. Bd3
h6 9. Bh4 Re8 10. O-O a5 11. cxd5 exd5 12. a3 Nf8 13. Bxf6 Bxf6 14. b4 axb4 15.
axb4 Ra3 16. b5 Qa5 17. Qc2 Be6 18. bxc6 bxc6 19. Nd2 Rb8 20. Rb1 Rxc3 21. Bh7+
Kh8 0-1

[Event "Titled Tue 20th May Early"]
[Site "chess.com INT"]
[Date "2025.05.20"]
[Round "1"]
[White "Ersoz, Teoman Guney"]
[Black "Nguyen, Quoc Hy"]
[Result "0-1"]
[WhiteTitle "CM"]
[BlackTitle "FM"]
[WhiteElo "2090"]
[BlackElo "2389"]
[WhiteFideId "44537050"]
[BlackFideId "12410853"]
[EventDate "2025.05.20"]

1. d4 d5 2. Nf3 e6 3. c4 c6 4. g3 dxc4 5. Bg2 b5 6. a4 Bb7 7. O-O a6 8. b3 cxb3
9. Qxb3 Nf6 10. Nc3 Be7 11. Ne5 Qxd4 12. Bf4 b4 13. Na2 Nd5 14. Rfd1 Qa7 15.
Rac1 O-O 16. a5 c5 17. Nc4 Nxf4 18. gxf4 Bxg2 19. Kxg2 Nc6 20. e3 Qb7 21. Kg1
Rad8 22. Rxd8 Rxd8 23. Rd1 Rd5 24. Nb6 Nxa5 0-1

[Event "Titled Tue 20th May Early"]
[Site "chess.com INT"]
[Date "2025.05.20"]
[Round "1"]
[White "Kaminska, Zuzanna"]
[Black "Mattenberger, Matthias"]
[Result "0-1"]
[WhiteTitle "WCM"]
[BlackTitle "FM"]
[WhiteElo "1900"]
[BlackElo "2286"]
[WhiteFideId "21067210"]
[BlackFideId "1339958"]
[EventDate "2025.05.20"]

1. c4 e5 2. Nc3 Nf6 3. d3 c6 4. Nf3 Qc7 5. e4 Bc5 6. Be2 O-O 7. O-O a5 8. Be3 d6
9. Bxc5 dxc5 10. a4 Bg4 11. h3 Bxf3 12. Bxf3 Na6 13. Qe2 Nb4 14. Rad1 Rad8 15.
Nb1 Rd4 16. Qe3 Rfd8 17. Be2 Nd7 18. f4 exf4 19. Rxf4 Ne5 20. Qg3 Nexd3 21. Rg4
Qxg3 22. Rxg3 Nf4 23. Rxd4 Nxe2+ 24. Kf2 Nxd4 0-1

[Event "Titled Tue 20th May Early"]
[Site "chess.com INT"]
[Date "2025.05.20"]
[Round "1"]
[White "Szpar, Milosz"]
[Black "Thorhallsson, Simon"]
[Result "1-0"]
[WhiteTitle "IM"]
[BlackTitle "FM"]
[WhiteElo "2475"]
[BlackElo "2218"]
[WhiteFideId "1184989"]
[BlackFideId "2310090"]
[EventDate "2025.05.20"]

1. e4 c5 2. Nf3 d6 3. d4 cxd4 4. Nxd4 Nf6 5. Nc3 Nc6 6. Bb5 Bd7 7. Bg5 e6 8.
Bxc6 bxc6 9. Qf3 c5 10. Nb3 Be7 11. O-O-O Qc8 12. Rhe1 O-O 13. e5 dxe5 14. Ne4
Bc6 15. Bxf6 Bxe4 16. Rxe4 gxf6 17. Qh5 f5 18. Rd3 f6 19. Rg3+ Kh8 20. Qxh7+ 1-0

[Event "Titled Tue 20th May Early"]
[Site "chess.com INT"]
[Date "2025.05.20"]
[Round "1"]
[White "Luong Phuong Hanh"]
[Black "Popov, Tikhon"]
[Result "0-1"]
[WhiteTitle "WIM"]
[BlackTitle "CM"]
[WhiteElo "2144"]
[BlackElo "2173"]
[WhiteFideId "12401013"]
[BlackFideId "24252026"]
[EventDate "2025.05.20"]

1. d4 Nf6 2. Nf3 c5 3. d5 b5 4. Bg5 b4 5. Bxf6 exf6 6. Nbd2 g6 7. e4 Bg7 8. Bd3
O-O 9. O-O d6 10. h3 a5 11. c4 Nd7 12. Ne1 Ne5 13. Bc2 Ba6 14. b3 a4 15. f4 Nd7
16. Qf3 f5 17. Rd1 axb3 18. axb3 fxe4 19. Nxe4 Nf6 20. Ng5 Bb7 21. Qd3 Bc8 22.
g4 Ra2 23. Ng2 h6 24. Nf3 h5 25. g5 Bf5 26. gxf6 Bxd3 27. fxg7 Bxf1 28. gxf8=Q+
Kxf8 29. Ne3 Be2 0-1

[Event "Titled Tue 20th May Early"]
[Site "chess.com INT"]
[Date "2025.05.20"]
[Round "1"]
[White "Kavutskiy, Kostya"]
[Black "Skiadopoulos, Nikolaos"]
[Result "1-0"]
[WhiteTitle "IM"]
[BlackTitle "CM"]
[WhiteElo "2356"]
[BlackElo "1882"]
[WhiteFideId "2026384"]
[BlackFideId "4200772"]
[EventDate "2025.05.20"]

1. d4 Nf6 2. Bg5 c5 3. d5 Qb6 4. Nc3 Qxb2 5. Bd2 Qb6 6. e4 d6 7. f4 Bg4 8. Nf3
Nbd7 9. h3 Bxf3 10. Qxf3 g6 11. a4 Bg7 12. a5 Qc7 13. Bc4 O-O 14. O-O Rfb8 15.
Rfe1 Ne8 16. h4 b5 17. Nxb5 Rxb5 18. Bxb5 c4 19. Rab1 Rb8 20. Bxd7 Rxb1 21. Bxe8
Rxe1+ 22. Bxe1 Qxa5 23. Bxa5 1-0

[Event "Titled Tue 20th May Early"]
[Site "chess.com INT"]
[Date "2025.05.20"]
[Round "1"]
[White "Valle Luis, Leo"]
[Black "Genkeswaran, Genivan"]
[Result "1-0"]
[WhiteTitle "FM"]
[BlackTitle "CM"]
[WhiteElo "2301"]
[BlackElo "2197"]
[WhiteFideId "54577187"]
[BlackFideId "5754496"]
[EventDate "2025.05.20"]

1. e4 e5 2. Nf3 Nc6 3. Bb5 a6 4. Ba4 b5 5. Bb3 Bc5 6. a4 Nf6 7. O-O b4 8. c3 a5
9. d4 exd4 10. cxd4 Bb6 11. e5 Ng8 12. Bg5 Nge7 13. d5 Na7 14. d6 cxd6 15. exd6
f6 16. dxe7 Qc7 17. Bh4 Bb7 18. Bg3 Qc6 19. Nbd2 h5 20. Rc1 Bc5 21. Qc2 Rc8 22.
Qg6+ Kxe7 23. Qxg7+ Kd8 24. Qxh8+ Ke7 25. Rfe1+ Qe6 26. Rxe6+ dxe6 27. Qg7+ Ke8
28. Qg8+ Bf8 29. Qxe6+ Kd8 30. Qb6+ Ke8 31. Rxc8+ Bxc8 32. Qxa7 Be7 33. Qxa5 Bd7
34. Qxh5+ Kd8 35. Qa5+ Ke8 36. Qa8+ Bd8 37. Bc7 Ke7 38. Qxd8# 1-0

[Event "Titled Tue 20th May Early"]
[Site "chess.com INT"]
[Date "2025.05.20"]
[Round "1"]
[White "Stichter, Constantin Paul"]
[Black "Chekletsov, Ilya"]
[Result "1-0"]
[BlackTitle "IM"]
[WhiteElo "2209"]
[BlackElo "2338"]
[WhiteFideId "34603140"]
[BlackFideId "24177156"]
[EventDate "2025.05.20"]

1. e4 c5 2. Nc3 e6 3. f4 Nc6 4. Nf3 d5 5. d3 d4 6. Ne2 g6 7. g3 Bg7 8. Bg2 Nge7
9. O-O O-O 10. Qe1 Rb8 11. Bd2 b5 12. g4 c4 13. Qh4 cxd3 14. cxd3 Nb4 15. Bxb4
Re8 16. Ne5 Bxe5 17. fxe5 Nc6 18. Qxd8 Rxd8 19. Bd6 Ra8 20. Rac1 Bd7 21. h4 a5
22. h5 Rac8 23. hxg6 hxg6 24. a3 b4 25. Kf2 bxa3 26. bxa3 a4 27. Rh1 Na5 28. Be7
Rxc1 29. Rxc1 Rc8 30. Rxc8+ Bxc8 31. Nxd4 Ba6 32. Bd8 Nb3 33. Ke3 Nc1 34. Bf1
Na2 35. Ba5 Nc1 36. Kd2 Nb3+ 37. Nxb3 axb3 38. Kc3 Kf8 39. Kxb3 Ke7 40. Bb4+ Kd7
41. Bd6 Kc6 42. Kc3 Kb5 43. d4+ 1-0

[Event "Titled Tue 20th May Early"]
[Site "chess.com INT"]
[Date "2025.05.20"]
[Round "1"]
[White "Volkov, Maksim"]
[Black "Crispin Ferreras, Darvi Abraham"]
[Result "1-0"]
[WhiteTitle "FM"]
[BlackTitle "CM"]
[WhiteElo "2370"]
[BlackElo "2124"]
[WhiteFideId "54123070"]
[BlackFideId "6402771"]
[EventDate "2025.05.20"]

1. e4 e6 2. d4 d5 3. Nc3 Bb4 4. e5 c5 5. Bd2 a6 6. Qg4 g6 7. a3 Ba5 8. dxc5 Nd7
9. Nf3 Bxc3 10. Bxc3 Nxc5 11. h4 h5 12. Qf4 Ne7 13. Qf6 O-O 14. Bd3 Nxd3+ 15.
cxd3 Nf5 16. Bb4 Qxf6 17. exf6 Re8 18. Ne5 b6 19. Rc1 a5 20. Bd2 Ba6 21. Rc7 Nd6
22. Rc6 Red8 23. g4 Ne8 24. gxh5 Nxf6 25. hxg6 fxg6 26. Rg1 1-0

[Event "Titled Tue 20th May Early"]
[Site "chess.com INT"]
[Date "2025.05.20"]
[Round "1"]
[White "Devaev, Alexander"]
[Black "Beerdsen, Thomas"]
[Result "0-1"]
[WhiteTitle "FM"]
[BlackTitle "GM"]
[WhiteElo "2306"]
[BlackElo "2535"]
[WhiteFideId "4169395"]
[BlackFideId "1030108"]
[EventDate "2025.05.20"]

1. d4 d5 2. c4 Nc6 3. Nf3 Bg4 4. cxd5 Bxf3 5. gxf3 Qxd5 6. e3 e5 7. Nc3 Bb4 8.
Bd2 Bxc3 9. bxc3 Qd6 10. a4 Nge7 11. Bc1 O-O 12. Ba3 Qf6 13. Be2 Rfe8 14. d5
Rad8 15. c4 e4 16. f4 Nf5 17. Qc1 Ncd4 18. Bb2 Nxe2 19. Kxe2 Qa6 20. Qc3 Rxd5
21. Rhd1 Red8 22. Ke1 Rxd1+ 23. Rxd1 Rxd1+ 24. Kxd1 Qxa4+ 25. Ke2 Qd7 26. Qe5 h6
27. Qxe4 c6 28. Qe5 Qe6 29. Qc3 f6 30. Qb4 b6 31. Qa4 a5 32. Qb3 b5 33. Kd3 Nd6
34. Kc2 Qxc4+ 35. Qxc4+ Nxc4 36. Bc3 Kf7 0-1

[Event "Titled Tue 20th May Early"]
[Site "chess.com INT"]
[Date "2025.05.20"]
[Round "1"]
[White "Pavlidou, Ekaterini"]
[Black "Rama, Tejas"]
[Result "1-0"]
[WhiteTitle "WIM"]
[BlackTitle "FM"]
[WhiteElo "2198"]
[BlackElo "2240"]
[WhiteFideId "4213262"]
[BlackFideId "30907381"]
[EventDate "2025.05.20"]

1. d4 Nf6 2. c4 e6 3. Nc3 Bb4 4. a3 Bxc3+ 5. bxc3 c5 6. e3 Nc6 7. Bd3 d6 8. f3
b6 9. e4 Qe7 10. Ne2 Bb7 11. Bg5 h6 12. Bh4 g5 13. Bf2 e5 14. d5 Na5 15. Ng3 Bc8
16. Rb1 h5 17. h4 gxh4 18. Nf5 Bxf5 19. exf5 e4 20. fxe4 Nxe4 21. Bxh4 Qe5 22.
O-O Nxc3 23. Qf3 O-O 24. Rbe1 Qd4+ 25. Bf2 Qg4 26. Qe3 Rae8 27. Qxe8 Rxe8 28.
Rxe8+ Kg7 29. f6+ Kxf6 30. Bd4+ Kg5 1-0

[Event "Titled Tue 20th May Early"]
[Site "chess.com INT"]
[Date "2025.05.20"]
[Round "1"]
[White "Smirnov, Alexandr A."]
[Black "Aravindh, Chithambaram VR."]
[Result "0-1"]
[WhiteTitle "FM"]
[BlackTitle "GM"]
[WhiteElo "2136"]
[BlackElo "2749"]
[WhiteFideId "24104396"]
[BlackFideId "5072786"]
[EventDate "2025.05.20"]

1. e4 g6 2. d4 Bg7 3. Nc3 d6 4. Nf3 Nf6 5. Bd3 O-O 6. h3 Nc6 7. Be3 e5 8. Qd2
exd4 9. Nxd4 Re8 10. O-O-O d5 11. exd5 Nxd5 12. Nxc6 bxc6 13. Nxd5 Qxd5 14. c4
Qxg2 15. Rhg1 Qf3 16. Rg3 Qf6 17. Bg5 Qd4 18. Be3 Qe5 19. Bf4 Qe7 20. Bg5 Qf8
21. h4 Rb8 22. b3 Qa3+ 23. Kb1 Rxb3+ 24. axb3 Qa1+ 25. Kc2 Qb2# 0-1